| 000 | 00849nam a22002777a 4500 | ||
|---|---|---|---|
| 999 |
_c20947 _d20947 |
||
| 003 | AR-CdUCM | ||
| 008 | 190408b ||||| |||| 00| 0 spa d | ||
| 040 |
_aMUNICIPALIDAD PROVINCIAL DEL CUSCO _cBIBLIOTECA MUNICIPAL DEL CUSCO |
||
| 082 |
_aEP / 985 / _bC91 |
||
| 110 |
_aCervesur _911816 |
||
| 245 |
_aCrónica de los límites del Peru : _bPerú y Ecuador / |
||
| 260 |
_aLima : _c1995. |
||
| 300 |
_bIlustraciones, _c26 cm. |
||
| 440 |
_aCompania cervecera del sur del Perú _943706 |
||
| 500 | _aSin numeración de páginas. | ||
| 505 | _aContenido : Limites del Peru. | ||
| 650 |
_aHistoria _9136 |
||
| 650 |
_aCómics _913171 |
||
| 650 |
_aPerú _935 |
||
| 650 |
_aLímites _919285 |
||
| 700 |
_aPons Muzzo, Gustavo _922526 |
||
| 700 |
_aUgarte, Leonardo _943707 |
||
| 700 |
_aChocano _943708 |
||
| 942 |
_2ddc _cLIBROS |
||
| 945 | _arcc | ||